| 000 | 00341nam a22001337a 4500 | ||
|---|---|---|---|
| 082 |
_a891.4391 _bKHA _cL-31, P-68 |
||
| 100 |
_aKhalid, Abdul Aziz _946141 |
||
| 245 | _aManhamanna/ | ||
| 260 |
_aKarachi: _bBook Land.; _cc1966 |
||
| 300 |
_a124p,; _c18cm |
||
| 526 |
_a0 _b0 _c0 _d891_439100000000000_KHA |
||
| 650 |
_aMCE _9379 |
||
| 942 |
_2ddc _cBK |
||
| 999 |
_c549484 _d549484 |
||